000 00678nam a22002177a 4500
005 20150521143841.0
008 140714b xxu||||| |||| 00| 0 Urdu d
010 _aUR-8943
020 _c100.00
035 _aU-7498
037 _bBPPD/Pub/Ven
040 _aDPL
_bUrdu
082 _a 841
100 _aشو ق ما ہر ی
245 _aعر فا ن بتکد ہ
_cشو ق ما ہر ی
246 h _a‏Irfan-e-Butkada
_bBy Shoukh mahiri
260 _bAzad Akhtar Ibn-e-Shoukh Maheri
_c2013
_aM.P.
270 _aZainab Manzil Moghat Road,
_bKhandwa (M.P.)
_k0091-733-2228134
_e450001
300 _a176ص
_c22Cm (Hb)
942 _2ddc
_cUR
_e
_h841
_mش و ق
999 _c93844
_d93844